00893nam a2200241 a 450000100060000000300090000600800410001501500080005602000180006404000280008204100080011004300180011808200200013610000470015624500700020325000120027326000330028530000240031850400590034250502150040154100160061665000190063225425CO-ViMGA141112s2004 ck r 000 u spa d aSSS a9789586539555 aCO-ViMGAbspacCO-ViMGA aspa as - ck - - - 04a349.2 M33l 20121 aMedellín Becerra, Carlos Eduardo 1962 - 10aLecciones de derecho romano / cCarlos Eduardo Medellín Becerra a16a ed. aBogotá : bLegis, cc2012. axxvi, 443 p. 24 cm. aIncluye referencias bibliográficas (p. [439] - 443). aNoticia histórica de Roma y del derecho romano. - - Procedimiento. - - - Del régimen de las personas. - - Régimen de las cosas. - - De las obligaciones en general y de los contratos. - - De la sucesión. 55.000; 1 c.14aDerecho romano